000
00297nam a22001457a 4500
008
210511b ||||| |||| 00| 0 eng d
020
_a
0198770863
041
_a
eng
080
_a
330
082
_a
330
100
_a
52
101
_a
EKO
245
_a
Inflation
_c
Flemming,J
942
_2
udc
_c
BK
999
_c
57245
_d
57245